| 000 | 00338nam a22001337a 4500 | ||
|---|---|---|---|
| 020 | _qHB. | ||
| 040 | _cFIZZA ISHAQ | ||
| 082 |
_a6812 _bWAL |
||
| 100 |
_aDARGIE,WALTENEGUS. _989252 |
||
| 245 |
_aFUNDAMENTALS OF WIRELESS SENSOR / _cWALTENEGUS DARGIE. |
||
| 260 |
_aLONDON ; _bJOHN WILEY, _c2010. |
||
| 300 | _a311 P. ; | ||
| 942 |
_2ddc _cBK |
||
| 999 |
_c588057 _d588057 |
||